000 00257pab a2200109 454500
008 180718b xxu||||| |||| 00| 0 eng d
100 _aRoy, A.K
245 _aRussia today - forward march to communism
650 _aRussia
773 _aStatesman
909 _a24174
999 _c24174
_d24174